La Guerra Civil / (Record no. 196533)

MARC details
000 -LEADER
campo de control de longitud fija 03604nam a2200541 i 4500
001 - NÚMERO DE CONTROL
campo de control 196533
003 - IDENTIFICADOR DE NÚMERO DE CONTROL
campo de control ES-MaACL
005 - FECHA Y HORA DE LA ÚLTIMA TRANSACCIÓN
campo de control 20250825062705.0
007 - CAMPO FIJO DE DESCRIPCIÓN FÍSICA--INFORMACIÓN GENERAL
campo de control de longitud fija ta
008 - DATOS DE LONGITUD FIJA--INFORMACIÓN GENERAL
campo de control de longitud fija 241004s1986 spca || 000 ||spa|c
017 ## - NÚMERO DE COPYRIGHT O DE DEPÓSITO LEGAL
Número de copyright o de depósito legal DL M. 9399-1996
020 ## - NÚMERO INTERNACIONAL ESTÁNDAR DEL LIBRO
Número Internacional Estándar del Libro 8485229940
Información calificativa (o.c.)
020 ## - NÚMERO INTERNACIONAL ESTÁNDAR DEL LIBRO
Número Internacional Estándar del Libro 8485229967
Información calificativa (v. 1)
020 ## - NÚMERO INTERNACIONAL ESTÁNDAR DEL LIBRO
Número Internacional Estándar del Libro 8485229967
Información calificativa (v. 3)
035 ## - NÚMERO DE CONTROL DEL SISTEMA
Número de control de sistema (ES-BaCBU).b25110901
035 ## - NÚMERO DE CONTROL DEL SISTEMA
Número de control de sistema (OCoLC)807603802
035 ## - NÚMERO DE CONTROL DEL SISTEMA
Número de control de sistema 991000530509706706
040 ## - FUENTE DE CATALOGACIÓN
Centro catalogador/agencia de origen ES-BaCBU
Lengua de catalogación cat
Centro/agencia transcriptor ES-BaCBU
Centro/agencia modificador ES-MaACL
245 03 - MENCIÓN DEL TÍTULO
Título La Guerra Civil /
Mención de responsabilidad, etc. Julio Aróstegui ... [et al.]
260 ## - PUBLICACIÓN, DISTRIBUCIÓN, ETC.
Lugar de publicación, distribución, etc. Madrid :
Nombre del editor, distribuidor, etc. Historia 16,
Fecha de publicación, distribución, etc. DL 1986.
300 ## - DESCRIPCIÓN FÍSICA
Extensión 4 números (130 p. cada uno) :
Otras características físicas il ;
Dimensiones 24 cm.
336 ## - TIPO DE CONTENIDO
Fuente rdacontent
Término de tipo de contenido texto
337 ## - TIPO DE MEDIO
Fuente rdamedia
Nombre/término del tipo de medio sin mediación
338 ## - TIPO DE SOPORTE
Fuente rdacarrier
Nombre/término del tipo de soporte volumen
490 1# - MENCIÓN DE SERIE
Mención de serie La Guerra Civil ;
Designación de volumen o secuencia 1
490 1# - MENCIÓN DE SERIE
Mención de serie La Guerra Civil ;
Designación de volumen o secuencia 2
490 1# - MENCIÓN DE SERIE
Mención de serie La Guerra Civil ;
Designación de volumen o secuencia 3
490 1# - MENCIÓN DE SERIE
Mención de serie La Guerra Civil ;
Designación de volumen o secuencia 4
490 1# - MENCIÓN DE SERIE
Mención de serie La Guerra Civil ;
Designación de volumen o secuencia 5
490 1# - MENCIÓN DE SERIE
Mención de serie La Guerra Civil ;
Designación de volumen o secuencia 6
500 ## - NOTA GENERAL
Nota general Cada volumen contiene cuatro números:<br/><br/>Volumen I<br/>1. La República: Esperanzas y decepciones<br/>2. El frente popular<br/>3. La conspiración contra la República<br/>4. El 18 de julio: La sublevación, paso a paso<br/><br/>Volumen II<br/>5. La guerra de las columnas<br/>6. Los dos gobiernos. Violencia y represión en las dos zonas.<br/>7. El avance rebelde. El gobierno Largo Caballero y la Junta Técnica del Estado.<br/>8. El impacto internacional de la guerra civil<br/><br/>Volumen III<br/>9. La gran batalla por Madrid (noviembre 1936 - marzo 1937)<br/>10. Milicias y ejércitos<br/>11. La dinámica política de las dos zonas (noviembre 1936 - mayo 1937)<br/>12. La campaña del norte. Las contraofensivas republicanas de Brunete y Belchite.<br/><br/>Volumen IV<br/>13. La Iglesia y la guerra<br/>14. Sociedad y guerra<br/>15. La dinámica política de las dos zonas. El primer Gobierno Negrín. La España franquista<br/>16. La economía de guerra<br/><br/>Volumen V<br/>17. La cultura<br/>18. El contexto internacional en 1937 y 1938<br/>19. De la Alhambra al Mediterráneo (enero-junio de 1938)<br/>20. El Nuevo Estado. Del primer Gobierno de Franco a la crisis de Munich.<br/><br/>Volumen VI<br/>21. La batalla del Ebro. Crisis internacional: Munich.<br/>22. La ocupación de Cataluña. El comienzo del éxodo.<br/>23. El golpe de Casado y el final de la guerra.<br/>24. La nueva España y la eliminación de los vencidos.
651 #4 - PUNTO DE ACCESO ADICIONAL DE MATERIA--NOMBRE GEOGRÁFICO
Nombre geográfico España-
Subdivisión general Historia-
Subdivisión cronológica 1931-1939, II República
9 (RLIN) 8283
655 #7 - TERMINO DE INDIZACIÓN--GENERO/FORMA
Fuente del término tgfbne
Datos o término principal de género/forma Libros ilustrados
9 (RLIN) 193653
700 1# - ENTRADA AGREGADA--NOMBRE PERSONAL
Nombre de persona Aróstegui, Julio,
Fechas asociadas al nombre 1940-
Término indicativo de función/relación Autor
9 (RLIN) 239029
830 #3 - PUNTO DE ACCESO ADICIONAL DE SERIE-TÍTULO UNIFORME
Título uniforme La Guerra Civil
Designación de volumen o secuencia 1-6
9 (RLIN) 219298
852 ## - LOCALIZACIÓN
Ubicación ES-MaACL
Ubicación en estantería Depósito 1
Número de control de estantería A-15529
Donativo/Legado Donación: Fernando Codina Rodríguez
Encuadernación Encuadernación cartoné
itemnumber 204246
Designación de la unidad física Volumen 1
852 ## - LOCALIZACIÓN
Ubicación ES-MaACL
Ubicación en estantería Depósito 1
Número de control de estantería A-15530
Donativo/Legado Donación: Fernando Codina Rodríguez
Encuadernación Encuadernación cartoné
Designación de la unidad física Volumen 2
itemnumber 204248
852 ## - LOCALIZACIÓN
Ubicación ES-MaACL
Ubicación en estantería Depósito 1
Donativo/Legado Donación: Fernando Codina Rodríguez
Encuadernación Encuadernación cartoné
Designación de la unidad física Volumen 3
itemnumber 204249
Número de control de estantería A-15531
852 ## - LOCALIZACIÓN
Ubicación ES-MaACL
Ubicación en estantería Depósito 1
Donativo/Legado Donación: Fernando Codina Rodríguez
Encuadernación Encuadernación cartoné
Designación de la unidad física Volumen 4
itemnumber 204250
Número de control de estantería A-15532
852 ## - LOCALIZACIÓN
Ubicación ES-MaACL
Ubicación en estantería Depósito 1
Donativo/Legado Donación: Fernando Codina Rodríguez
Encuadernación Encuadernación cartoné
Designación de la unidad física Volumen 5
itemnumber 204251
Número de control de estantería A-15533
852 ## - LOCALIZACIÓN
Ubicación ES-MaACL
Ubicación en estantería Depósito 1
Donativo/Legado Donación: Fernando Codina Rodríguez
Encuadernación Encuadernación cartoné
Designación de la unidad física Volumen 6
itemnumber 204252
Número de control de estantería A-15534
903 ## - NOMBRE PERSONAL DE DONANTE
a Codina Rodríguez, Fernando
e Donante
9 238631
940 ## - EQUIVALENCIA O REFERENCIA-CRUZADA--TÍTULO UNIFORME [OBSOLETO] [solamente CAN/MARC]
Título uniforme <a href="UB">UB</a>
942 ## - ELEMENTOS DE ENTRADA SECUNDARIOS (KOHA)
Suprimir en OPAC No
Tipo de ítem Koha Libro impreso
Holdings
Estatus retirado Estado de pérdida Fuente del sistema de clasificación o colocación Especificación de materiales (volumen encuadernado u otra parte) Estado de daño No para préstamo Biblioteca de origen Biblioteca actual Ubicación en estantería Fecha de adquisición Fuente de adquisición Total de préstamos Signatura topográfica completa Código de barras Visto por última vez Precio de reemplazo Tipo de ítem Koha
    Clasificación decimal universal V. I     Biblioteca del Ateneo de Madrid Biblioteca del Ateneo de Madrid Depósito 1 04/10/2024 Donación   A-15529 101229069 04/10/2024 04/10/2024 Libro impreso
    Clasificación decimal universal V. II     Biblioteca del Ateneo de Madrid Biblioteca del Ateneo de Madrid Depósito 1 04/10/2024 Donación   A-15530 101229071 04/10/2024 04/10/2024 Libro impreso
    Clasificación decimal universal V. III     Biblioteca del Ateneo de Madrid Biblioteca del Ateneo de Madrid Depósito 1 04/10/2024 Donación   A-15531 101229072 04/10/2024 04/10/2024 Libro impreso
    Clasificación decimal universal V. IV     Biblioteca del Ateneo de Madrid Biblioteca del Ateneo de Madrid Depósito 1 04/10/2024 Donación   A-15532 101229073 04/10/2024 04/10/2024 Libro impreso
    Clasificación decimal universal V. V     Biblioteca del Ateneo de Madrid Biblioteca del Ateneo de Madrid Depósito 1 04/10/2024 Donación   A-15533 101229074 04/10/2024 04/10/2024 Libro impreso
    Clasificación decimal universal V. VI     Biblioteca del Ateneo de Madrid Biblioteca del Ateneo de Madrid Depósito 1 04/10/2024 Donación   A-15534 101229075 04/10/2024 04/10/2024 Libro impreso